000 00464nam a2200181Ia 4500
008 220216s9999 xx 000 0 und d
100 _aJacob J
245 0 _aUntapped rubber holdings: A lost economic opportunity for rubber growers
260 _bRubber Science
_c2020
300 _a329-334
650 _aBCR
650 _aLean season
650 _aNet revenue
650 _aPeak season
650 _aUntapped holdings
700 _aChandy B
942 _cBS
999 _c49749
_d49749